000
00242nam a2200109Ia 4500
008
220204s9999 xx 000 0 und d
082
_a
82-3
_b
HYN
100
_a
Hynd, Noel
245
4
_a
The Sandler inquiry
260
_b
Nel
_c
1979
942
_c
BK
999
_c
35836
_d
35836